Una política de seguridad para la convivencia / (Registro nro. 31151)

Detalles MARC
000 -LEADER
fixed length control field 01254nam a22002177a 4500
003 - CONTROL NUMBER IDENTIFIER
control field OSt
005 - DATE AND TIME OF LATEST TRANSACTION
control field 20260220134140.0
008 - FIXED-LENGTH DATA ELEMENTS--GENERAL INFORMATION
fixed length control field 260220b |||||||| |||| 00| 0 eng d
037 ## - SOURCE OF ACQUISITION
Source of stock number/acquisition Donación
040 ## - CATALOGING SOURCE
Original cataloging agency CO-JMCR
Transcribing agency spa
Modifying agency CO-JMCR
Language of cataloging CO-JMCR
Description conventions rda
041 0# - LANGUAGE CODE
Language code of text/sound track or separate title spa
082 04 - DEWEY DECIMAL CLASSIFICATION NUMBER
Classification number 351.75
Item number C74u
110 1# - MAIN ENTRY--CORPORATE NAME
Corporate name or jurisdiction name as entry element Colombia.
Subordinate unit Presidencia de la República.
-- Consejería Presidencial para la Defensa y la Seguridad Nacional.
9 (RLIN) 44534
245 04 - TITLE STATEMENT
Title Una política de seguridad para la convivencia /
Statement of responsibility, etc. Presidencia de la República. Consejería Presidencial para la Defensa y Seguridad Nacional.
260 ## - PUBLICATION, DISTRIBUTION, ETC.
Place of publication, distribution, etc. Santafé de Bogotá :
Name of publisher, distributor, etc. Avance Gráfico,
Date of publication, distribution, etc. 1994.
300 ## - PHYSICAL DESCRIPTION
Extent 465 páginas :
Other physical details ilustraciones;
Dimensions 21 cm.
505 0# - FORMATTED CONTENTS NOTE
Formatted contents note El manejo regional de la seguridad -- reforma y fortalecimiento de la fuerza pública y de la inteligencia -- La promoción y protección de los derechos humanos -- El proceso de robustecimiento de la justicia -- Del estado de sitio a los estados de excepción -- La política de paz -- El estatuto antisecuestro -- Mayores controles al porte y tenencia de armas y reforma a la vigilancia privada.
650 #7 - SUBJECT ADDED ENTRY--TOPICAL TERM
Topical term or geographic name entry element Seguridad nacional
General subdivision Legislación
Geographic subdivision Colombia.
Source of heading or term JMCR
9 (RLIN) 44535
650 #7 - SUBJECT ADDED ENTRY--TOPICAL TERM
Topical term or geographic name entry element Ley marcial (Derecho)
Source of heading or term JMCR
9 (RLIN) 44536
942 ## - ADDED ENTRY ELEMENTS (KOHA)
Koha item type Books
Existencias
Withdrawn status Lost status Source of classification or shelving scheme Damaged status Not for loan Collection code Home library Current library Shelving location Date acquired Total Checkouts Full call number Barcode Date last seen Copy number Price effective from Koha item type
    Dewey Decimal Classification     Non-fiction Biblioteca Pública José María del Castillo y Rada Biblioteca Pública José María del Castillo y Rada Book Cart 02/20/2026   351.75 C74u 201812513 02/20/2026 Ej.1 02/20/2026 Books